Entre gatos e pardais (Registo nº 3932)

Detalhes MARC
000 -Etiqueta do registo
Cabeçalho 00698cam a2200277 4500
005 - Identificador da versão
Campo de controlo 20240813122048.0
095 ## -
-- PTBN00812607
010 ## - Número internacional normalizado dos livros (ISBN)
Número (ISBN) 9722509691
021 ## - Número do Depósito Legal
Código do país PT
Número 97533/96
100 ## - Dados gerais de processamento
Dados gerais de processamento 19960527d1996 c y0pory5003 ba
102 ## - Pais de publicação ou produção
País de publicação Portugal
101 0# - Língua de publicação
Língua do texto, banda sonora, etc. Português
106 ## - Campo de dados codificados: material textual
Dados codificados do material textual d
105 ## - Campo de dados codificados: livros
Dados codificados dos livros a z 010ay
215 ## - Descrição física 
Indicação específica da natureza do documento e extensão da espécie 58 p.
Dimensões 21 cm
200 1# - Titulo e menção de responsabilidade
Título próprio Entre gatos e pardais
Primeira menção de responsabilidade João Falcato
Outras menções de responsabilidade il. Isabel Pissarra
225 1# - Colecção 
Título próprio da colecção Aladino
Indicação de volume 3
210 ## - Publicação, Distribuição, etc. 
Lugar da edição, distribuição, etc. Venda Nova
Nome do editor, distribuidor, etc. Bertrand
Data da publicação, distribuição, etc. 1996
675 ## - Classificação Decimal Universal (CDU)
Notação 087.5
Edição BN
Língua da edição por
702 #1 - Nome de autor-pessoa física (responsabilidade secundária)
Número de registo de entrada de autoridade 0000404
Palavra de ordem Pissarra
Outra parte do nome não tomada para palavra de ordem Isabel
Código de função Ilustrador / Técnico de desenho computorizado
700 #1 - Nome de autor-pessoa física (responsabilidade principal)
Número de registo de entrada de autoridade 0000403
Palavra de ordem Falcato
Outra parte do nome não tomada para palavra de ordem João
Datas 1917-
942 ## - Elementos de entrada adicionados (Koha)
Tipo de item no Koha Livro
Exemplares
Situação do levantamento Origin of item (home branch) (coded) Biblioteca de empréstimo Código de barras Cota Circulation type (not for loan) Tipo de documento Nota do exemplar Damaged status
  Biblioteca Escolar das Vendas Biblioteca Escolar das Vendas BEV283 8POR FAL   Livro Sem mensagem